טוען...

Ganeral entomology /

מידע ביבליוגרפי
מחבר ראשי: ManiM S
פורמט: Printed Book
שפה:English
יצא לאור: Oxford & IBH Publishing Ho c1982.
LEADER 00343nam a2200109Ia 4500
008 130611s9999 xx 000 0 eng d
100 |a ManiM S 
245 |a Ganeral entomology / 
260 |b Oxford & IBH Publishing Ho  |c c1982. 
942 |c BK 
999 |c 128071  |d 128071 
952 |0 0  |1 0  |4 0  |7 0  |9 141453  |a ZOO  |b ZOO  |c ST1  |d 2013-06-11  |l 0  |p ZOO4020  |r 2013-06-11  |w 2013-06-11  |y BK